| 000 | 00348nam a22001337a 4500 | ||
|---|---|---|---|
| 020 | _a0909605505 | ||
| 040 | _cDLC | ||
| 082 | _a632 INK 1987 A039 Or. | ||
| 100 | 1 | _aWaterhouse, D. F. | |
| 245 | 1 | 0 |
_aBiological control : _bPacific prospects / |
| 260 |
_aMelbourne : _bInkata Press, _c1987. |
||
| 300 |
_aviii, 454 p. : _bill. ; _c26 cm. |
||
| 942 | _cEK | ||
| 999 |
_c11870 _d11870 |
||